000 01895cam a22005174i 4500
003 PE-LiUPU
005 20250731180157.0
008 150616s r 000 0 d
020 _a8428320950
035 _a(Sirsi) i9788428320955
040 _aPE-LiUPU
_bspa
_cPE-LiUPU
_erda
049 _aPRUA
082 0 4 _a519.501
_bS52
_221
100 1 _aSierra Bravo, Restituto,
_eautor.
245 1 0 _aAnálisis Estadístico Multivariable /
_cRestituto Sierra Bravo.
264 1 _aMadrid :
_bEd. Paraninfo,
_c1994.
300 _a257 páginas :
_bilustraciones ;
_c24 centímetros
336 _atext
_2rdacontent
337 _aunmediated
_2rdamedia
338 _avolume
_2rdacarrier
505 0 _aAnálisis de regresión.- Análisis de regresión múltiple.- Análisis de las series temporales. El estudio diacrónico de los fenómenos sociales.- Análisis de varianza.- Análisis de covarianza. Noción y tipos.- Análisis factorial.- "Path análisis" o análisis de senderos.- Otras técnicas de análisis multivariante.
526 _aSEG44
526 _aSEG26
526 _aP159
526 _aP155
526 _aP154
526 _aP153
526 _aP150
526 _aP100
526 _aP31
526 _aP30
526 _aP26
526 _aP25
526 _aP24
526 _aP22
526 _aP15
526 _aP10
650 1 4 _aAnálisis multivariante
_vTratados, manuales, etc.
910 _ajck
_bjvq
_cjck
942 _2ddc
_cBOOK
949 _a519.501 S52
_wDEWEY
_c1
_i43426
_lCCODEBUL1
_mBUL
_r0
_sY
_tBOOK
_u2015-6-16
_xFCE
_zUNKNOWN
_0COMPRA
_o.STAFF. Colección General
994 _aC0
_bPEPRU
596 _a1
999 _a519.501 S52
_wDEWEY
_c61394
_i43426
_f2021-11-5
_g6
_lCCODEBUL1
_mBUL
_r0
_sN
_tBOOK
_u2015-6-16
_xBIBLIOTECA
_zUNKNOWN
_0COMPRA
_o.STAFF. Colección General
_d61394
980 _81
_gALBERTO SANCHEZ Responsable de Automatización